000 00784nam a2200229Ii 4500
003 JO-AjNU
008 230605s9999||||xx |||||||||||||| ||und||
017 _a1979/3321
020 _a977-7236-82-4
040 _aJO-AjNU
_bara
_erda
_cJO-AjNU
041 _aara
050 1 4 _aBP170.85.Z35 1979
100 3 _aالزنكلوني، علي سرور ، تقديم: محمد البهي,
_eauthor
_98292
245 0 0 _aالدعوة والدعاة: أسباب التخلف ومنهج التطبيق
250 _aط1
264 3 1 _aالقاهرة: مكتبة وهبة، 1979
300 _a296ص
336 _atext
_btxt
_2rdacontent
337 _aunmediated
_bn
_2rdamedia
338 _avolume
_bnc
_2rdacarrier
650 4 _aالدعوة الاسلامية- الوعظ والارشاد
_98293
999 _aA714
_c4282
_d4282